01362nam a2200277 i 4500003000900000005001700009007000300026008004100029040003000070082000700100110009200107245021700199264005000416300002700466336002700493337003300520338002800553500001000581504002700591590002600618910001500644942001300659952019500672952020000867999001701067DO-SdBNP20240116094846.0ta240116b1917 dr ||||| |||| 00| 0 spa d aDO-SdBNPbspacBNPHUerda 42222 aUniversidad Central de Santo DomingobFacultad de Derecho y Ciencias políticas98477310aCuál es la sanción de las formalidades que deben tener efecto en Santo Domingo, conforme a los artículos 170 y 171 del código civil dominicano? :btesis para la licenciatura /cM. de J. Rodríguez Volta aSanto Domingo :bLa Cuna de América,c1917. a26 páginas ;c23 cm. 2rdacontentatextobtxt 2rdamediaasin mediaciónbn 2rdacarrieravolumenbnc aTesis aBibliografía : p. 27 aInventariado, 2024/BT aBtavárez 2ddccLF2 00102ddc51708DS-FRVaBNPHUbBNPHUcCTd2024-01-16eDonaciónl0oBNPHU RV-PD p2024-0238r2024-01-16w2024-01-16yLF2zPerteneció a la biblioteca personal de Carlos Larrazabal Blanco. 00102ddc51708DS-FRVaBNPHUbBNPHUcCTd2024-01-16eDonaciónl0oBNPHU RV-PD p2024-0241r2024-01-16te.2w2024-01-16yLF2zPerteneció a la biblioteca personal de Carlos Larrazabal Blanco. c55684d55684